Normal view
MARC view
- Brundle, C.R.
Entry Personal Name
001 - CONTROL NUMBER
- control field: 10457
003 - CONTROL NUMBER IDENTIFIER
- control field: NUST
005 - DATE AND TIME OF LATEST TRANSACTION
- control field: 20180523050404.0
008 - FIXED-LENGTH DATA ELEMENTS
- fixed length control field: 180523|| aca||aabn | a|a d
040 ## - CATALOGING SOURCE
- Original cataloging agency: NUST
- Transcribing agency: NUST
100 ## - HEADING--PERSONAL NAME
- Personal name: Brundle, C.R.
670 ## - SOURCE DATA FOUND
- Source citation: Work cat.: (NUST)0: C. Richard Brundle 10454, Encyclopedia of materials characterization :, c1992.
